| 000 | 00785ntm a22002177a 4500 | ||
|---|---|---|---|
| 005 | 20170809113229.0 | ||
| 008 | 170802s2009 xx a frb 000 0 eng d | ||
| 040 |
_aEG-ScBUE _beng _cEG-ScBUE |
||
| 082 | 0 | 4 |
_a650 _bGHA _222 |
| 100 | 1 | _aGhandour, Aya. | |
| 245 | 1 | 0 |
_aCorporate social responsibility : _ba trend adopted for corporate social image / _cAya Ghandour. |
| 260 | _c2009. | ||
| 300 |
_a1 v. : _bill. (col.) ; _c28 cm. |
||
| 500 | _aA dissertation submitted in part fulfillment of the requirements for the award of B.A., Business Administration, general Business Administration specialisation. | ||
| 590 | _aMirna | ||
| 650 | 7 |
_aBusiness Administration. _vProjects _2BUEsh |
|
| 653 |
_bBUSADM _cAugust2017 |
||
| 655 | _vSPRO | ||
| 700 | 1 |
_aEid, Mohamed, _eths. |
|
| 942 | _2ddc | ||
| 999 |
_c25294 _d25266 |
||